[Event "FRA-chT1 0910"]
[Site "France"]
[Date "2009.11.21"]
[Round "4.8"]
[White "Sabo Benke, Valeria"]
[Black "Copin, Oceane"]
[Result "0-1"]
[WhiteElo "1772"]
[BlackElo "1832"]
[PlyCount "64"]
[EventDate "2009.09.27"]
[EventType "team-match"]
[EventRounds "11"]
[EventCountry "FRA"]
[SourceDate "2009.07.26"]

1. e4 d5 2. exd5 Qxd5 3. Nc3 Qd6 4. Nf3 Bg4 5. Be2 Nc6 6. d3 e5 7. O-O O-O-O 8.
Be3 Kb8 9. a3 f5 10. Ng5 Bxe2 11. Qxe2 Qg6 12. f4 Nf6 13. fxe5 Ng4 14. Bf4 Bc5+
15. Kh1 Ncxe5 16. h3 h6 17. Nf3 Nxf3 18. Qxf3 Qh5 19. Bg3 g6 20. Ne2 Nf6 21.
Qxh5 Nxh5 22. Kh2 Nxg3 23. Nxg3 Bd6 24. Rf3 Rhe8 25. Kg1 Re6 26. d4 Bxg3 27.
Rxg3 Rxd4 28. Rf3 Re2 29. Rf2 Rxf2 30. Kxf2 Rd2+ 31. Kf3 Kc8 32. Re1 Kd7 0-1

[Event "FRA-chT1 0910"]
[Site "France"]
[Date "2009.11.21"]
[Round "4.1"]
[White "Sanchez, Joseph"]
[Black "Ninov, Nikolai"]
[Result "1-0"]
[WhiteElo "2487"]
[BlackElo "2558"]
[PlyCount "93"]
[EventDate "2009.09.27"]
[EventType "team-match"]
[EventRounds "11"]
[EventCountry "FRA"]
[SourceDate "2009.07.26"]
[BlackTeam "La Tour Hyéroise"]

1. e4 c5 2. Nf3 d6 3. d4 Nf6 4. Nc3 cxd4 5. Nxd4 a6 6. Be3 e6 7. f3 b5 8. Qd2
Nbd7 9. g4 h6 10. O-O-O b4 11. Nce2 Qa5 12. Kb1 Bb7 13. Nf4 Ne5 14. Bd3 d5 15.
exd5 Nxd5 16. Nb3 Qc7 17. Nxd5 Bxd5 18. Rhf1 Bd6 19. f4 Nxg4 20. Bd4 f5 21. h3
Nf6 22. Bxf6 gxf6 23. Bxf5 Kf7 24. Bd3 a5 25. f5 Be5 26. Qe2 a4 27. Nd2 a3 28.
Bc4 Rad8 29. fxe6+ Bxe6 30. Bxe6+ Kxe6 31. Qg4+ Kf7 32. Nc4 Rxd1+ 33. Rxd1 Rd8
34. Rg1 Qc5 35. Qh5+ Ke6 36. Qg4+ Ke7 37. Nxe5 Qxe5 38. Qxb4+ Qd6 39. Qb7+ Rd7
40. Rg7+ Ke8 41. Qc8+ Rd8 42. Rg8+ Ke7 43. Qxd8+ Qxd8 44. Rxd8 Kxd8 45. bxa3
Kd7 46. Kc1 Kd6 47. Kd2 1-0

[Event "FRA-chT1 0910"]
[Site "France"]
[Date "2009.11.21"]
[Round "4.2"]
[White "Suarez Real, Alberto"]
[Black "Szabo, Gergely"]
[Result "0-1"]
[WhiteElo "2395"]
[BlackElo "2526"]
[PlyCount "51"]
[EventDate "2009.09.27"]
[EventType "team-match"]
[EventRounds "11"]
[EventCountry "FRA"]
[SourceDate "2009.07.26"]

1. e4 c5 2. Nf3 d6 3. d4 cxd4 4. Nxd4 Nf6 5. Nc3 a6 6. Bg5 e6 7. f4 Qc7 8. Bxf6
gxf6 9. Qd2 Nc6 10. O-O-O Bd7 11. Bc4 Nxd4 12. Qxd4 Qc5 13. Qd3 b5 14. Bb3 b4
15. Ne2 Bb5 16. Qf3 a5 17. e5 d5 18. Nd4 O-O-O 19. Nxb5 Qxb5 20. c4 bxc3 21.
Qxc3+ Kb7 22. Kb1 Rc8 23. Qf3 a4 24. Rd3 Rc6 25. Bd1 f5 26. Qe4 0-1

[Event "FRA-chT1 0910"]
[Site "France"]
[Date "2009.11.21"]
[Round "4.4"]
[White "Villegas, Pierre"]
[Black "De Labaca, Romuald"]
[Result "1-0"]
[WhiteElo "2226"]
[BlackElo "2212"]
[PlyCount "101"]
[EventDate "2009.09.27"]
[EventType "team-match"]
[EventRounds "11"]
[EventCountry "FRA"]
[SourceDate "2009.07.26"]

1. d4 d5 2. c4 e6 3. Nc3 c6 4. e3 Nf6 5. Nf3 Nbd7 6. Qc2 Bd6 7. b3 O-O 8. Be2
b6 9. O-O Bb7 10. Bb2 Qe7 11. e4 Nxe4 12. Nxe4 dxe4 13. Qxe4 Nf6 14. Qh4 c5 15.
Rfd1 Rad8 16. d5 exd5 17. Bxf6 Qxf6 18. Qxf6 gxf6 19. cxd5 a6 20. Nh4 Rfe8 21.
Bf3 Re5 22. g3 Bf8 23. Bg2 Bc8 24. Rd2 Bd6 25. f4 Re3 26. Kf2 Rde8 27. Bf3 Bd7
28. Re2 Rxe2+ 29. Bxe2 Bc8 30. Bf3 Kf8 31. Ng2 Rd8 32. Ne3 b5 33. a4 Bd7 34.
axb5 axb5 35. Ra6 Ke7 36. Be4 h6 37. Ra7 Kf8 38. Ra6 Ke7 39. Ke2 Rc8 40. Kd3
Rc7 41. Kc3 h5 42. Bf5 Rb7 43. Bxd7 Kxd7 44. Nf5 Be7 45. h4 Bd8 46. g4 hxg4 47.
h5 g3 48. Nxg3 Bc7 49. Ne4 Rb8 50. Rxf6 Ba5+ 51. Kd3 1-0

[Event "FRA-chT1 0910"]
[Site "France"]
[Date "2009.11.21"]
[Round "4.8"]
[White "Wilson, Alexandra"]
[Black "Tripoz, Alexandre"]
[Result "1-0"]
[WhiteElo "2089"]
[BlackElo "1890"]
[PlyCount "81"]
[EventDate "2009.09.27"]
[EventType "team-match"]
[EventRounds "11"]
[EventCountry "FRA"]
[SourceDate "2009.07.26"]

1. e4 c5 2. Nf3 Nc6 3. Bb5 a6 4. Bxc6 bxc6 5. O-O d5 6. d3 Qc7 7. Nc3 d4 8. Ne2
e5 9. c3 Be7 10. Qc2 Nf6 11. cxd4 exd4 12. b4 cxb4 13. Nexd4 c5 14. Ne2 O-O 15.
Bf4 Qb6 16. Rac1 Be6 17. Ne5 Rfd8 18. Nc4 Qb5 19. Be5 Nd7 20. Ba1 a5 21. Nf4
Bxc4 22. dxc4 Qb8 23. Nd5 Bg5 24. f4 Bh6 25. Ne7+ Kf8 26. Nc6 Qc7 27. Nxd8 Rxd8
28. Qf2 Nb6 29. Be5 Qe7 30. Qe2 Nd7 31. Ba1 Qe6 32. Rcd1 Re8 33. Rd5 Qxe4 34.
Qxe4 Rxe4 35. Rxd7 Rxc4 36. Re1 f6 37. f5 Rc2 38. Rde7 Be3+ 39. R7xe3 g6 40.
fxg6 hxg6 41. Bxf6 1-0

[Event "FRA-chT1 0910"]
[Site "France"]
[Date "2009.11.21"]
[Round "4.2"]
[White "Zharkov, Hleb"]
[Black "Rusev, Krasimir"]
[Result "0-1"]
[WhiteElo "2232"]
[BlackElo "2537"]
[PlyCount "37"]
[EventDate "2009.09.27"]
[EventType "team-match"]
[EventRounds "11"]
[EventCountry "FRA"]
[SourceDate "2009.07.26"]

1. d4 d5 2. Nf3 Nf6 3. c4 e6 4. Nc3 dxc4 5. Bg5 Bb4 6. Qa4+ Nc6 7. e3 Bd7 8.
Qc2 b5 9. a3 Ba5 10. Be2 h6 11. Bh4 Ne7 12. Bxf6 gxf6 13. O-O Bxc3 14. bxc3 Bc6
15. e4 f5 16. d5 exd5 17. exf5 Qd6 18. Nd4 Bd7 19. Bh5 0-1

[Event "FRA-chT1 0910"]
[Site "France"]
[Date "2009.10.18"]
[Round "3.2"]
[White "Berbatov, Kiprian"]
[Black "Sermier, Alain"]
[Result "1-0"]
[WhiteElo "2457"]
[BlackElo "2079"]
[PlyCount "75"]
[EventDate "2009.09.27"]
[EventType "team-match"]
[EventRounds "11"]
[EventCountry "FRA"]
[SourceDate "2009.07.26"]

1. e4 e5 2. Nf3 Nc6 3. Bb5 a6 4. Ba4 d6 5. c3 Bd7 6. d4 h6 $6 (6... Nge7) (6...
g6) 7. O-O Nge7 8. d5 $16 Nb8 9. c4 Ng6 10. Nc3 Be7 11. Qb3 b6 12. Be3 O-O 13.
Bxd7 Nxd7 14. Qc2 Nh4 15. Nxh4 Bxh4 16. g3 Bf6 17. a4 a5 18. Nb5 Nc5 19. f4 Re8
20. Rae1 Qd7 21. f5 Na6 22. h4 Qd8 23. Qd1 Kf8 24. Kg2 Ke7 25. Bd2 Rh8 26. Qb1
Nc5 27. Qc2 Kd7 28. b4 axb4 29. Bxb4 Nb7 30. a5 Nxa5 31. Ra1 Qb8 32. Bxa5 bxa5
33. Qa4 Ke7 34. Rab1 Qb6 35. c5 dxc5 36. d6+ cxd6 37. Nc3 Qa6 38. Rb6 1-0

[Event "FRA-chT1 0910"]
[Site "France"]
[Date "2009.10.18"]
[Round "3.4"]
[White "Cavillon, Fabien"]
[Black "Pellaton, Bernard"]
[Result "1/2-1/2"]
[WhiteElo "2221"]
[BlackElo "2059"]
[PlyCount "39"]
[EventDate "2009.09.27"]
[EventType "team-match"]
[EventRounds "11"]
[EventCountry "FRA"]
[SourceDate "2009.07.26"]

1. e4 c5 2. Nc3 Nc6 3. g3 g6 4. d3 Bg7 5. Be3 d6 6. Bg2 e6 7. Qd2 Rb8 8. Nge2
Nd4 9. Nd1 Nxe2 10. Qxe2 Ne7 11. Qd2 h5 12. h3 Bd7 13. c3 Bc6 14. O-O O-O 15.
Bh6 d5 16. Bxg7 Kxg7 17. e5 d4 18. c4 Bxg2 19. Kxg2 f5 20. f4 1/2-1/2

[Event "FRA-chT1 0910"]
[Site "France"]
[Date "2009.10.18"]
[Round "3.7"]
[White "Lallement, Victor"]
[Black "Netzer, Jacques"]
[Result "1/2-1/2"]
[WhiteElo "2108"]
[BlackElo "2186"]
[PlyCount "36"]
[EventDate "2009.09.27"]
[EventType "team-match"]
[EventRounds "11"]
[EventCountry "FRA"]
[SourceDate "2009.07.26"]

1. e4 c5 2. Nf3 e6 3. d4 cxd4 4. Nxd4 Nc6 5. Nxc6 bxc6 6. Bd3 Nf6 7. O-O Qc7 8.
c4 d5 9. cxd5 cxd5 10. Nc3 dxe4 11. Nxe4 Be7 12. Bg5 Bd7 13. Qf3 Nxe4 14. Bxe4
Rc8 15. Rac1 Qa5 16. Rxc8+ Bxc8 17. Bxe7 Kxe7 18. Qg3 Ba6 1/2-1/2

[Event "FRA-chT1 0910"]
[Site "France"]
[Date "2009.10.18"]
[Round "3.3"]
[White "Weill, Roland"]
[Black "Szabo, Gergely"]
[Result "0-1"]
[WhiteElo "2218"]
[BlackElo "2526"]
[PlyCount "64"]
[EventDate "2009.09.27"]
[EventType "team-match"]
[EventRounds "11"]
[EventCountry "FRA"]
[SourceDate "2009.07.26"]

1. Nf3 g6 2. e4 Bg7 3. d4 d6 4. Nc3 c6 5. a4 Bg4 6. Be2 Nd7 7. a5 a6 8. O-O Qc7
9. Be3 Bxf3 10. Bxf3 Ngf6 11. Be2 c5 12. d5 O-O 13. Qd2 Rfe8 14. f3 Ne5 15. Na4
e6 16. Nb6 Rad8 17. c4 Ned7 18. Nxd7 Rxd7 19. Rab1 exd5 20. cxd5 Rde7 21. Bg5
h6 22. Bxh6 Bxh6 23. Qxh6 Qxa5 24. Rfd1 Re5 25. Bf1 Nd7 26. g4 c4 27. h4 b5 28.
Rd2 c3 29. Rg2 Qb4 30. g5 Rc8 31. h5 Nf8 32. f4 Rxe4 0-1

[Event "FRA-chT1 0910"]
[Site "France"]
[Date "2009.10.17"]
[Round "2.1"]
[White "Hamdouchi, Adina Maria"]
[Black "Crut, Aurelien"]
[Result "1/2-1/2"]
[WhiteElo "2314"]
[BlackElo "2309"]
[PlyCount "43"]
[EventDate "2009.09.27"]
[EventType "team-match"]
[EventRounds "11"]
[EventCountry "FRA"]
[SourceDate "2009.07.26"]

1. d4 d5 2. Bf4 Bg4 3. h3 Bh5 4. Nd2 e6 5. c3 c6 6. Qb3 Qb6 7. e3 Nf6 8. Bd3
Be7 9. Ngf3 Bg6 10. Bxg6 hxg6 11. Ne5 Nbd7 12. O-O Qxb3 13. axb3 Nxe5 14. Bxe5
O-O 15. b4 Ne4 16. Nb3 f6 17. Bh2 Bd6 18. Nc5 Bxh2+ 19. Kxh2 Nxc5 20. bxc5 a6
21. Ra3 Rae8 22. b4 1/2-1/2

[Event "FRA-chT1 0910"]
[Site "France"]
[Date "2009.10.17"]
[Round "2.5"]
[White "Vuitton, Gilles"]
[Black "Bafounta, Denis"]
[Result "1/2-1/2"]
[WhiteElo "2157"]
[BlackElo "2267"]
[PlyCount "41"]
[EventDate "2009.09.27"]
[EventType "team-match"]
[EventRounds "11"]
[EventCountry "FRA"]
[SourceDate "2009.07.26"]

1. c4 e6 2. Nf3 d5 3. b3 Nf6 4. g3 Be7 5. Bg2 O-O 6. O-O c6 7. Bb2 Nbd7 8. d3
b6 9. Nbd2 Bb7 10. Qc2 Rc8 11. Rad1 Qc7 12. e4 dxe4 13. dxe4 c5 14. e5 Ng4 15.
Rfe1 Rcd8 16. h3 Nh6 17. g4 Nb8 18. Ne4 Rxd1 19. Rxd1 Rd8 20. Nd6 Bxf3 21. Bxf3
1/2-1/2

[Event "FRA-chT2 0910"]
[Site "France"]
[Date "2009.10.17"]
[Round "2.8"]
[White "Josse, Mathilde"]
[Black "Jolly, Marie"]
[Result "1/2-1/2"]
[WhiteElo "1702"]
[BlackElo "1714"]
[PlyCount "64"]
[EventDate "2009.09.27"]
[EventType "team"]
[EventRounds "11"]
[EventCountry "FRA"]
[SourceDate "2009.07.26"]

1. e4 e6 2. d4 d5 3. Nd2 Nf6 4. e5 Nfd7 5. Bd3 c5 6. c3 Nc6 7. Ne2 Qb6 8. Nf3
cxd4 9. cxd4 Be7 10. O-O O-O 11. b3 Re8 12. Be3 Nb4 13. Bb1 Nf8 14. a3 Nc6 15.
Qd3 Na5 16. Bc2 Bd7 17. a4 Nc6 18. Bd2 Rac8 19. Rfc1 Bb4 20. Ng5 Bxd2 21. Qxd2
h6 22. Nf3 Rc7 23. Ne1 Rec8 24. Bd1 Qb4 25. Qxb4 Nxb4 26. Rxc7 Rxc7 27. Rc1
Rxc1 28. Nxc1 f6 29. Ncd3 Nxd3 30. Nxd3 b6 31. f4 Kf7 32. Kf2 Ke7 1/2-1/2

[Event "FRA-chT2 0910"]
[Site "France"]
[Date "2009.10.17"]
[Round "2.6"]
[White "Tetchi, Franck"]
[Black "Degremont, Patrick"]
[Result "0-1"]
[WhiteElo "2034"]
[BlackElo "1955"]
[PlyCount "68"]
[EventDate "2009.09.27"]
[EventType "team"]
[EventRounds "11"]
[EventCountry "FRA"]
[SourceDate "2009.07.26"]

1. e4 e6 2. d4 d5 3. e5 c5 4. c3 Nc6 5. Nf3 Qb6 6. a3 a5 7. Bd3 Bd7 8. O-O cxd4
9. cxd4 Nxd4 10. Nxd4 Qxd4 11. Nc3 Qb6 12. Qg4 Ne7 13. Be3 Qb3 14. Bc5 Ng6 15.
Bxf8 Kxf8 16. Rae1 Qxb2 17. Bxg6 Qxc3 18. Re3 Qc4 19. Qxc4 dxc4 20. Be4 Rb8 21.
Rc1 Bb5 22. Rb1 Ba6 23. Rc3 Ke7 24. h4 b5 25. f4 g6 26. Kf2 Rhc8 27. Ke3 b4 28.
axb4 axb4 29. Rcc1 c3 30. Ra1 Rb6 31. Rxa6 Rxa6 32. Bb7 Rac6 33. Bxc6 Rxc6 34.
Kd3 c2 0-1

[Event "FRA-chT2 0910"]
[Site "France"]
[Date "2009.10.17"]
[Round "2.3"]
[White "Baron, Daniel"]
[Black "Large, Laurent"]
[Result "0-1"]
[WhiteElo "2098"]
[BlackElo "2233"]
[PlyCount "53"]
[EventDate "2009.09.27"]
[EventType "team"]
[EventRounds "11"]
[EventCountry "FRA"]
[SourceDate "2009.07.26"]

1. c4 g6 2. Nc3 Bg7 3. g3 e5 4. Bg2 Nc6 5. e4 Nge7 6. Nge2 d6 7. O-O O-O 8. d3
h6 9. h3 f5 10. Nd5 Nxd5 11. cxd5 Ne7 12. f4 Kh7 13. Kh2 Ng8 14. Nc3 Nf6 15.
Be3 exf4 16. gxf4 Nh5 17. Qd2 g5 18. Ne2 g4 19. Rac1 Rf7 20. Nd4 Qh4 21. Nxf5
Bxf5 22. exf5 Qg3+ 23. Kh1 Re8 24. hxg4 Rxe3 25. gxh5 Qh4+ 26. Kg1 Bd4 27. Rc4
0-1

[Event "FRA-chT2 0910"]
[Site "France"]
[Date "2009.10.17"]
[Round "2.5"]
[White "Cobos, Emmanuel"]
[Black "Bonnaud, Remy"]
[Result "0-1"]
[WhiteElo "1915"]
[BlackElo "2209"]
[PlyCount "36"]
[EventDate "2009.09.27"]
[EventType "team"]
[EventRounds "11"]
[EventCountry "FRA"]
[SourceDate "2009.07.26"]

1. e4 d5 2. exd5 Qxd5 3. Nc3 Qa5 4. d4 e5 5. Nf3 Bb4 6. Bd2 exd4 7. Qe2+ Ne7 8.
Nxd4 O-O 9. Qb5 Nbc6 10. Nb3 Qb6 11. Qxb6 axb6 12. Bb5 Bf5 13. O-O-O Bxc3 14.
Bxc3 Rxa2 15. g4 Be6 16. f4 Nd5 17. f5 Nxc3 18. fxe6 Nxb5 0-1

[Event "FRA-chT2 0910"]
[Site "France"]
[Date "2009.10.17"]
[Round "2.1"]
[White "Delaunay, Sebastien"]
[Black "Coursaget, Nicolas"]
[Result "1/2-1/2"]
[WhiteElo "2340"]
[BlackElo "2311"]
[PlyCount "39"]
[EventDate "2009.09.27"]
[EventType "team"]
[EventRounds "11"]
[EventCountry "FRA"]
[SourceDate "2009.07.26"]

1. d4 Nf6 2. c4 c5 3. d5 b5 4. cxb5 a6 5. b6 Qxb6 6. Nc3 d6 7. e4 g6 8. a4 a5
9. Be2 Bg7 10. Nf3 O-O 11. O-O Nfd7 12. Ra3 Na6 13. Bg5 Re8 14. Nd2 Nb4 15. Bb5
Qc7 16. Nc4 Ba6 17. Re1 Bxb5 18. Nxb5 Ne5 19. Nxe5 Bxe5 20. Qd2 1/2-1/2

[Event "FRA-chT2 0910"]
[Site "France"]
[Date "2009.10.17"]
[Round "2.2"]
[White "Marie, Maxime"]
[Black "Crouan, Stephane"]
[Result "1-0"]
[WhiteElo "2207"]
[BlackElo "2245"]
[PlyCount "29"]
[EventDate "2009.09.27"]
[EventType "team"]
[EventRounds "11"]
[EventCountry "FRA"]
[SourceDate "2009.07.26"]

1. c4 Nf6 2. g3 e5 3. Bg2 d5 4. cxd5 Nxd5 5. Nc3 Nb6 6. Nf3 Nc6 7. O-O Be7 8.
a3 O-O 9. b4 Be6 10. d3 f6 11. Bb2 a5 12. b5 Nd4 13. Nd2 Nd5 14. Bxd5 Bxd5 15.
e3 1-0

[Event "FRA-chT2 0910"]
[Site "France"]
[Date "2009.10.17"]
[Round "2.2"]
[White "Dieu, Bruno"]
[Black "Guyader, Thierry"]
[Result "1-0"]
[WhiteElo "2260"]
[BlackElo "2163"]
[PlyCount "55"]
[EventDate "2009.09.27"]
[EventType "team"]
[EventRounds "11"]
[EventCountry "FRA"]
[SourceDate "2009.07.26"]

1. d4 d5 2. Nf3 Nf6 3. e3 e6 4. Bd3 Be7 5. O-O b6 6. b3 Bb7 7. Bb2 Nbd7 8. Nbd2
Ne4 9. Ne5 Nxe5 10. dxe5 O-O 11. f3 Nxd2 12. Qxd2 f5 13. Rad1 c5 14. c4 Qc7 15.
cxd5 exd5 16. Qc2 g6 17. e4 c4 18. bxc4 Bc5+ 19. Kh1 fxe4 20. cxd5 exd3 21.
Qxd3 Rf5 22. Qb3 Rh5 23. f4 Rc8 24. d6+ Qf7 25. e6 Qf5 26. e7+ Bd5 27. Rxd5
Qxd5 28. d7 1-0

[Event "FRA-chT2 0910"]
[Site "France"]
[Date "2009.10.17"]
[Round "2.8"]
[White "Josse, Anais"]
[Black "Le Du, Michel"]
[Result "0-1"]
[WhiteElo "1530"]
[BlackElo "1932"]
[PlyCount "56"]
[EventDate "2009.09.27"]
[EventType "team"]
[EventRounds "11"]
[EventCountry "FRA"]
[SourceDate "2009.07.26"]

1. g3 c5 2. Bg2 g6 3. Nf3 Nc6 4. d3 Bg7 5. e4 d6 6. O-O e6 7. Re1 Nge7 8. Nbd2
O-O 9. c3 Rb8 10. a4 a6 11. Ra3 b5 12. axb5 axb5 13. Nb1 Qb6 14. Be3 b4 15. Ra2
Bb7 16. Qd2 Ra8 17. Rxa8 Rxa8 18. Bh6 Ra2 19. Bxg7 Kxg7 20. Ng5 h6 21. Nf3 e5
22. Qd1 Rxb2 23. cxb4 Qxb4 24. Nfd2 Ba6 25. Nc4 Bxc4 26. dxc4 Nd4 27. Qc1 Ne2+
28. Rxe2 Rxb1 0-1

[Event "FRA-chT2 0910"]
[Site "France"]
[Date "2009.10.17"]
[Round "2.8"]
[White "Auvray, Simon"]
[Black "Le Bail, Arielle"]
[Result "1-0"]
[WhiteElo "2013"]
[BlackElo "1852"]
[PlyCount "60"]
[EventDate "2009.09.27"]
[EventType "team"]
[EventRounds "11"]
[EventCountry "FRA"]
[SourceDate "2009.07.26"]

1. e4 e6 2. d4 d5 3. Nd2 Nf6 4. e5 Ng8 5. Bd3 c5 6. c3 Nc6 7. Ne2 Nh6 8. O-O
Nf5 9. Nf3 h6 10. Ng3 Nxg3 11. hxg3 cxd4 12. cxd4 Be7 13. a3 Bd7 14. b4 O-O 15.
Bc2 f5 16. exf6 Bxf6 17. Qd3 Be8 18. Bxh6 g6 19. Bxf8 Kxf8 20. Rae1 Bf7 21. Ne5
Nxe5 22. dxe5 Bg5 23. Re2 Qd7 24. Bb3 Kg7 25. Rc2 Rh8 26. Qc3 Bd8 27. a4 Qe7
28. Qe3 Qxb4 29. Rc8 Qg4 30. Bd1 Qf5 1-0

[Event "FRA-chT2 0910"]
[Site "France"]
[Date "2009.10.18"]
[Round "3.4"]
[White "Miraoui, Karim"]
[Black "Amoyal, Pierre"]
[Result "0-1"]
[WhiteElo "2101"]
[BlackElo "2202"]
[PlyCount "54"]
[EventDate "2009.09.27"]
[EventType "team"]
[EventRounds "11"]
[EventCountry "FRA"]
[SourceDate "2009.07.26"]

1. Nf3 Nf6 2. c4 g6 3. Nc3 d5 4. cxd5 Nxd5 5. Qa4+ Bd7 6. Qd4 Nf6 7. d3 Bg7 8.
Qh4 h6 9. Bd2 Nc6 10. h3 g5 11. Qc4 Be6 12. Qa4 Nd7 13. g4 Nb6 14. Qd1 Qd7 15.
Bg2 O-O-O 16. Rc1 f5 17. gxf5 Bxf5 18. Be3 Kb8 19. Na4 Qd6 20. Nc5 Bc8 21. Qd2
Rhf8 22. b4 Nd5 23. b5 Nxe3 24. Qxe3 Nd4 25. Nd2 Nxb5 26. Rb1 Bd4 27. Qe4 Bxf2+
0-1

[Event "FRA-chT2 0910"]
[Site "France"]
[Date "2009.10.18"]
[Round "3.7"]
[White "Charrais, Kevin"]
[Black "Brient, Yoann"]
[Result "1-0"]
[WhiteElo "1861"]
[BlackElo "1905"]
[PlyCount "53"]
[EventDate "2009.09.27"]
[EventType "team"]
[EventRounds "11"]
[EventCountry "FRA"]
[SourceDate "2009.07.26"]

1. e4 c5 2. Nf3 d6 3. d4 cxd4 4. c3 Nf6 5. Bd3 dxc3 6. Nxc3 Nc6 7. h3 e6 8. O-O
Be7 9. Qe2 O-O 10. Rd1 Qa5 11. Bd2 Qc7 12. Rac1 Qb8 13. Bf4 e5 14. Be3 h6 15.
Nd5 Be6 16. Bb1 Bxd5 17. exd5 Nb4 18. Nh4 Nbxd5 19. Nf5 Qe8 20. Bxh6 gxh6 21.
Nxh6+ Kh8 22. Rxd5 Nxd5 23. Qh5 f5 24. Nf7+ Kg7 25. Qxf5 Qxf7 26. Qh7+ Kf6 27.
Qh6+ 1-0

[Event "FRA-chT2 0910"]
[Site "France"]
[Date "2009.10.18"]
[Round "3.8"]
[White "Champs, Sandra"]
[Black "Anamba Onana, Marie Therese"]
[Result "0-1"]
[WhiteElo "1380"]
[BlackElo "1680"]
[PlyCount "56"]
[EventDate "2009.09.27"]
[EventType "team"]
[EventRounds "11"]
[EventCountry "FRA"]
[SourceDate "2009.07.26"]

1. e4 e5 2. Nf3 Nc6 3. d4 exd4 4. Nxd4 Ne5 5. Nc3 Nf6 6. Bb5 Bb4 7. Nde2 O-O 8.
Bd2 c6 9. Ba4 d6 10. O-O Bg4 11. f3 Bc5+ 12. Kh1 Bh5 13. Nf4 Nc4 14. Rb1 Be3
15. Bc1 Qc7 16. Nxh5 Nxh5 17. Qd3 Bxc1 18. Rfxc1 b5 19. Bb3 Nf4 20. Qf1 Nd2 21.
Qf2 Nxb1 22. Nxb1 a5 23. a3 a4 24. Ba2 Rfe8 25. Rd1 Rad8 26. Qg3 Ng6 27. Nc3
Qe7 28. h4 Nxh4 0-1

[Event "FRA-chT2 0910"]
[Site "France"]
[Date "2009.10.18"]
[Round "3.5"]
[White "Bonnaud, Remy"]
[Black "Baudon, Sebastien"]
[Result "1-0"]
[WhiteElo "2209"]
[BlackElo "2006"]
[PlyCount "63"]
[EventDate "2009.09.27"]
[EventType "team"]
[EventRounds "11"]
[EventCountry "FRA"]
[SourceDate "2009.07.26"]

1. e4 c5 2. c3 d5 3. exd5 Qxd5 4. d4 cxd4 5. cxd4 Nc6 6. Nf3 e6 7. Nc3 Bb4 8.
Bd3 Nf6 9. O-O Bxc3 10. bxc3 O-O 11. Re1 h6 12. c4 Qh5 13. Rb1 Rd8 14. Rb5 g5
15. Bxg5 hxg5 16. Rxg5+ Qxg5 17. Nxg5 Nxd4 18. Nh7 Nxh7 19. Bxh7+ Kf8 20. Qh5
b6 21. Be4 Rb8 22. Qh6+ Ke8 23. h4 Ba6 24. Bd3 Rbc8 25. Re4 Bxc4 26. Rxd4 Bxd3
27. Rxd8+ Rxd8 28. h5 Be2 29. Qg5 Rd1+ 30. Kh2 Rd5 31. Qg8+ Ke7 32. g4 1-0

[Event "FRA-chT2 0910"]
[Site "France"]
[Date "2009.10.18"]
[Round "3.3"]
[White "Demanghon, Jonathan"]
[Black "Marie, Maxime"]
[Result "1-0"]
[WhiteElo "2203"]
[BlackElo "2207"]
[PlyCount "57"]
[EventDate "2009.09.27"]
[EventType "team"]
[EventRounds "11"]
[EventCountry "FRA"]
[SourceDate "2009.07.26"]

1. d4 Nf6 2. c4 e6 3. g3 Bb4+ 4. Bd2 a5 5. Bg2 O-O 6. Nf3 d5 7. O-O dxc4 8. Qc2
Bxd2 9. Nbxd2 b5 10. a4 c6 11. b3 cxb3 12. Nxb3 Qb6 13. Rfc1 Bb7 14. Nc5 Nd5
15. Ng5 g6 16. Qe4 Nf6 17. Qf4 Nbd7 18. axb5 e5 19. Nxd7 Nxd7 20. Qh4 Nf6 21.
dxe5 Nh5 22. bxc6 Ba6 23. Bf3 f6 24. Ne4 f5 25. Ng5 h6 26. Bd5+ Kh8 27. Ne6
Rfe8 28. Nf4 Rxe5 29. Nxg6+ 1-0

[Event "FRA-chT2 0910"]
[Site "France"]
[Date "2009.10.18"]
[Round "3.7"]
[White "Bleuzen, Erwan"]
[Black "Caron, Sebastien"]
[Result "1-0"]
[WhiteElo "2035"]
[BlackElo "1914"]
[PlyCount "51"]
[EventDate "2009.09.27"]
[EventType "team"]
[EventRounds "11"]
[EventCountry "FRA"]
[SourceDate "2009.07.26"]

1. d4 Nf6 2. c4 g6 3. Nc3 d5 4. cxd5 Nxd5 5. e4 Nxc3 6. bxc3 Bg7 7. Nf3 O-O 8.
Be2 c5 9. O-O Nc6 10. Be3 cxd4 11. cxd4 Qa5 12. Qb3 Rd8 13. Bc4 e6 14. d5 exd5
15. exd5 Ne5 16. Nxe5 Bxe5 17. d6 Bxa1 18. Bxf7+ Kg7 19. Rxa1 Qe5 20. Rd1 Rxd6
21. Bd5 Qh5 22. Qc3+ Kf8 23. Qh8+ Ke7 24. Qg7+ Kd8 25. Qf8+ Kd7 26. Be6+ 1-0

[Event "FRA-chT2 0910"]
[Site "France"]
[Date "2009.10.18"]
[Round "3.5"]
[White "Carvallo, Henri"]
[Black "Cartier, Nicolas"]
[Result "0-1"]
[WhiteElo "2112"]
[BlackElo "2098"]
[PlyCount "57"]
[EventDate "2009.09.27"]
[EventType "team"]
[EventRounds "11"]
[EventCountry "FRA"]
[SourceDate "2009.07.26"]

1. d4 Nf6 2. Nf3 g6 3. Bf4 Bg7 4. e3 d6 5. Be2 Nh5 6. Bg5 h6 7. Bh4 c5 8. c3
O-O 9. O-O Bf6 10. Bxf6 Nxf6 11. Nbd2 Nbd7 12. b4 cxb4 13. cxb4 Nd5 14. Qb3
N7f6 15. Rac1 Be6 16. Qb2 a5 17. b5 a4 18. a3 Rc8 19. Bc4 Qd7 20. Ne1 Nb6 21.
Bxe6 Qxe6 22. Nd3 Qf5 23. Nf4 g5 24. Ne2 d5 25. Rxc8 Rxc8 26. Rc1 Rxc1+ 27.
Nxc1 Ng4 28. Nf1 Nc4 29. Qc3 0-1

[Event "FRA-chT2 0910"]
[Site "France"]
[Date "2009.10.18"]
[Round "3.8"]
[White "Josse, Mathilde"]
[Black "Josse, Anais"]
[Result "1-0"]
[WhiteElo "1702"]
[BlackElo "1530"]
[PlyCount "33"]
[EventDate "2009.09.27"]
[EventType "team"]
[EventRounds "11"]
[EventCountry "FRA"]
[SourceDate "2009.07.26"]

1. e4 e5 2. Nf3 Nc6 3. Bb5 a6 4. Ba4 Bc5 5. O-O b5 6. Bb3 d6 7. c3 Bg4 8. d3
Nf6 9. Re1 h6 10. Nbd2 O-O 11. Nf1 Bb6 12. h3 Bh5 13. Ng3 Bg6 14. Nh4 Bh7 15.
Qd2 Nh5 16. Nhf5 Nxg3 17. Nxg3 1-0

[Event "FRA-chT2 0910"]
[Site "France"]
[Date "2009.11.22"]
[Round "4.1"]
[White "Maleki, Nicolas"]
[Black "David, Vincent"]
[Result "1/2-1/2"]
[WhiteElo "2184"]
[BlackElo "2412"]
[PlyCount "60"]
[EventDate "2009.09.27"]
[EventType "team"]
[EventRounds "11"]
[EventCountry "FRA"]
[SourceDate "2009.07.26"]

1. d4 d5 2. c4 dxc4 3. e3 e5 4. Bxc4 exd4 5. exd4 Nf6 6. Nf3 Be7 7. O-O O-O 8.
h3 Nbd7 9. Nc3 Nb6 10. Bb3 c6 11. Bg5 Nbd5 12. Ne5 Be6 13. Re1 Re8 14. Rc1 Rc8
15. Na4 Nd7 16. Bxe7 Rxe7 17. Nxd7 Qxd7 18. Nc5 Qd6 19. Qf3 Rd8 20. Re5 Bc8 21.
Bxd5 cxd5 22. Rce1 Rxe5 23. Rxe5 b6 24. Nd3 f6 25. Re3 Be6 26. Qe2 Kf7 27. Qh5+
Kg8 28. Qe2 Kf7 29. Qh5+ Kg8 30. Qe2 Kf7 1/2-1/2